[Event "Challenge"]
[Site "http://www.queenalice.com/game.php?id=1828708"]
[Date "2024.1.7"]
[Round "-"]
[White "jorm"]
[Black "yasseryack"]
[Result "1-0"]
[WhiteElo "1871"]
[BlackElo "1907"]

1. e4 c5 2. c4 Nc6 3. Nf3 b6 4. a3 Bb7 5. d3 e5 6. Nc3 Be7 7. Nd5 Bd6 8. b3 Nge7
9. g3 O-O 10. Bg2 f5 11. Bg5 Qe8 12. Nh4 Nxd5 13. exd5 Ne7 14. Qe2 Qf7 15. Bd2
Rae8 16. O-O-O e4 17. dxe4 fxe4 18. Bxe4 Qxf2 19. Qxf2 Rxf2 20. Kb1 Be5 21. g4
Bxh2 22. Nf3 Bg3 23. g5 g6 24. Rhg1 Bd6 25. Nh4 Nf5 26. Nxf5 gxf5 27. Bd3 b5 28.
g6 Bh2 29. gxh7+ Kxh7 30. Rg5 Rf8 31. Kc2 bxc4 32. bxc4 Kh6 33. Rg2+ Kh5 34.
Rxf2 Bg3 35. Rxf5+ Rxf5 36. Bxf5 d6 37. Rh1+ Bh4 38. Kb3 a6 39. Ka4 1-0

[Event "AUTO-ADV-4763"]
[Site "http://www.queenalice.com/game.php?id=1830220"]
[Date "2024.1.25"]
[Round "1"]
[White "chessman"]
[Black "yasseryack"]
[Result "1-0"]
[WhiteElo "1955"]
[BlackElo "1935"]

1. e4 c5 2. Nf3 b6 3. d4 e6 4. Bd3 Qc7 5. O-O c4 6. Be2 Bb7 7. c3 Nf6 8. e5 Nd5
9. Nbd2 b5 10. a3 Nc6 11. Ne4 O-O-O 12. Bd2 a5 13. a4 Ba6 14. axb5 Bxb5 15. b3
Na7 16. bxc4 Bxc4 17. Bxc4 Qxc4 18. Rxa5 Qc7 19. Qa1 Nc6 20. Ra8+ Kb7 21. Qa6#
1-0

[Event "AUTO-ADV-4763"]
[Site "http://www.queenalice.com/game.php?id=1830221"]
[Date "2024.1.25"]
[Round "1"]
[White "yasseryack"]
[Black "chessman"]
[Result "0-1"]
[WhiteElo "1920"]
[BlackElo "2005"]

1. f4 e5 2. d3 Bc5 3. Nf3 d6 4. g3 Nc6 5. fxe5 dxe5 6. Bg2 Nf6 7. Bd2 Ng4 8. Nc3
Nf2 9. Qc1 Nxh1 10. Bxh1 O-O 11. Ne4 Bb6 12. b3 f5 13. Neg5 e4 14. dxe4 h6 15.
Nh3 fxe4 16. Nfg1 e3 17. Bxe3 Bxe3 18. Qxe3 Qf6 19. O-O-O Qa1+ 20. Kd2 Rd8+ 21.
Ke1 Qxd1+ 22. Kf2 Bxh3 23. Bxc6 Qf1# 0-1

[Event "AUTO-ADV-4763"]
[Site "http://www.queenalice.com/game.php?id=1830232"]
[Date "2024.1.25"]
[Round "1"]
[White "Kn1ght1962"]
[Black "yasseryack"]
[Result "0-1"]
[WhiteElo "1867"]
[BlackElo "1909"]

1. e4 c5 2. h3 b6 3. a3 Bb7 4. d3 e6 5. Nf3 Be7 6. Be3 Bf6 7. Nbd2 Bxb2 8. Rb1
Bxa3 9. Ne5 d6 10. Nxf7 Kxf7 11. Qh5+ g6 12. Qf3+ Ke8 13. Be2 Qf6 14. Nc4 Bb4+
15. Bd2 Bxd2+ 16. Nxd2 Qe7 17. O-O Nc6 18. Nc4 Nd4 19. Qe3 Nxc2 20. Qf4 e5 21.
Qg3 Nd4 22. Bg4 h5 23. Bd1 g5 24. h4 d5 25. Nxe5 Rh6 26. Re1 Ne6 27. exd5 Bxd5
28. hxg5 Nxg5 29. Nf3 Ne6 30. Qxg8+ Kd7 31. Ne5+ Kc7 32. Qg3 Kb7 33. Bf3 Bxf3
34. Nxf3 Qf6 35. Ne5 Nd4 36. Nd7 Qf5 37. Re7 Kc6 38. Ne5+ Kd6 39. Ng6+ Kc6 40.
Qc7+ Kd5 41. Nf4+ Qxf4 42. Qb7+ Rc6 43. Qxa8 a5 44. Rd7+ Ke5 45. Re1+ Kf5 46.
Rf7+ Rf6 47. Qc8+ Kg5 48. Qg8+ Kf5 49. Qc8+ Kg6 50. Re4 Qxf2+ 51. Kh1 Rxf7 52.
Qg8+ Rg7 53. Qe8+ Kh6 54. Qh8+ Rh7 55. Qe5 Rg7 56. Qf4+ Qxf4 57. Rxf4 b5 58. Kh2
Ne2 59. Rf5 a4 60. Rxc5 b4 61. Rc2 Nf4 62. g3 Nxd3 63. Rc4 Rd7 64. Rc6+ Kg5 65.
Ra6 a3 66. Kh3 Rd5 67. Ra8 Nf2+ 68. Kg2 Ng4 69. Rg8+ Kf6 70. Rf8+ Ke7 71. Rf1
Ne3+ 72. Kf2 Nxf1 73. Kxf1 a2 74. Kg2 a1=Q 75. Kf3 Qd1+ 76. Kf4 Qg4+ 0-1

[Event "AUTO-ADV-4763"]
[Site "http://www.queenalice.com/game.php?id=1830233"]
[Date "2024.1.25"]
[Round "1"]
[White "yasseryack"]
[Black "Kn1ght1962"]
[Result "1-0"]
[WhiteElo "1888"]
[BlackElo "1830"]

1. f4 f5 2. Nf3 Nc6 3. g3 h6 4. Bg2 d6 5. O-O Nf6 6. d4 d5 7. Nc3 e6 8. Bd2 a6
9. Ne5 Nxe5 10. fxe5 Ne4 11. Bxe4 dxe4 12. Be3 Bb4 13. Qd2 Bd7 14. a3 Ba5 15. b4
Bb6 16. a4 Bc6 17. a5 Ba7 18. Rab1 b5 19. Rbd1 Qe7 20. Bf2 O-O-O 21. e3 g5 22.
Qe2 g4 23. Rd2 h5 24. Rfd1 h4 25. gxh4 Bd5 26. Nxd5 exd5 27. Rc1 c6 28. c3 Rdg8
29. Bg3 Bb8 30. Qf2 Qf7 31. e6 Qxe6 32. Bxb8 Kxb8 33. Qg3+ Kb7 34. Rf1 Rf8 35.
Rf4 Qe7 36. Rdf2 Rxh4 37. Rxf5 Rxf5 38. Rxf5 Qh7 39. Qf4 g3 40. Rf7+ Qxf7 41.
Qxf7+ Kc8 42. hxg3 Rh8 43. Qa7 Rd8 44. Qxa6+ Kd7 45. Qb7+ Kd6 46. a6 Rd7 47.
Qb8+ Ke7 48. a7 Rd8 49. Qxd8+ Ke6 50. a8=Q c5 51. Qaxd5# 1-0

[Event "AUTO-ADV-4763"]
[Site "http://www.queenalice.com/game.php?id=1830238"]
[Date "2024.1.25"]
[Round "1"]
[White "Ricardoabreu"]
[Black "yasseryack"]
[Result "0-1"]
[WhiteElo "1747"]
[BlackElo "1890"]

1. b3 c5 2. Bb2 Nc6 3. g3 b6 4. Bg2 Bb7 5. e3 e6 6. Qe2 Nge7 7. Nc3 Ng6 8. Ne4
Nb4 9. d3 d5 10. Nc3 Bd6 11. Na4 O-O 12. a3 Nc6 13. Nf3 b5 14. Nc3 a6 15. Nd1 d4
16. exd4 cxd4 17. Rg1 e5 18. Nd2 f5 19. c3 f4 20. Nf3 fxg3 21. hxg3 dxc3 22.
Bxc3 a5 23. Nb2 h5 24. Nh4 Nxh4 25. gxh4 Qxh4 26. Rh1 Qg4 27. Bf3 Rxf3 28. O-O-O
b4 29. axb4 axb4 30. Bd2 Nd4 31. Qf1 Ra1# 0-1

[Event "AUTO-ADV-4763"]
[Site "http://www.queenalice.com/game.php?id=1830239"]
[Date "2024.1.25"]
[Round "1"]
[White "yasseryack"]
[Black "Ricardoabreu"]
[Result "0-1"]
[WhiteElo "1900"]
[BlackElo "1737"]

1. f4 b6 2. d3 Bb7 3. e4 g6 4. Nf3 Bg7 5. g3 d5 6. e5 Qd7 7. Bg2 d4 8. O-O h6 9.
Nbd2 c5 10. Rb1 Nc6 11. Qe1 e6 12. Nc4 Bf8 13. Bd2 b5 14. Na3 a6 15. b4 cxb4 16.
Bxb4 Bxb4 17. Rxb4 Nxb4 18. Qxb4 Ne7 19. Nb1 Rc8 20. Rf2 Nc6 21. Qd2 Ne7 22. Bh3
g5 23. fxg5 hxg5 24. Nxg5 Nf5 25. Bxf5 exf5 26. Qf4 Rc7 27. h4 Qc6 28. Nf3 Qe6
29. Nxd4 Qxa2 30. Nc3 Qa1+ 31. Rf1 Qxc3 32. Nxf5 Qxc2 33. Nd6+ Kd8 34. Nxf7+
Rxf7 35. Qxf7 Qg2# 0-1

[Event "AUTO-ADV-4748"]
[Site "http://www.queenalice.com/game.php?id=1831072"]
[Date "2024.2.8"]
[Round "2"]
[White "kuntakinte"]
[Black "yasseryack"]
[Result "0-1"]
[WhiteElo "1760"]
[BlackElo "1916"]

1. e4 c5 2. c4 Nc6 3. Nf3 b6 4. e5 e6 5. d3 Be7 6. b3 Bb7 7. Bb2 Nh6 8. h3 O-O
9. Be2 Nf5 10. O-O d6 11. exd6 Bxd6 12. g4 Nh4 13. Nbd2 Nxf3+ 14. Bxf3 Rb8 15.
a3 Bf4 16. Ne4 Qh4 17. Bg2 f5 18. Bc1 Bxc1 19. Rxc1 fxe4 20. dxe4 Rbd8 21. Qc2
Nd4 22. Qb2 Rf4 23. Rce1 Qf6 24. e5 Qf7 25. Bxb7 Qxb7 26. Re3 Rdf8 27. f3 Rxf3
28. Rexf3 Nxf3+ 29. Kf2 Nxe5+ 30. Kg1 Rxf1+ 31. Kxf1 Qf3+ 32. Qf2 Qxh3+ 33. Qg2
Qd3+ 34. Qe2 Qb1+ 35. Qe1 Qxe1+ 36. Kxe1 Nxg4 37. Ke2 h5 38. Kf3 e5 39. Ke4 g5
40. Kf5 Kf7 41. Kxg5 Nf6 42. Kf5 e4 43. Kf4 Ke6 44. Ke3 Ke5 45. b4 cxb4 46. axb4
h4 47. Kf2 Kd4 0-1

[Event "AUTO-ADV-4748"]
[Site "http://www.queenalice.com/game.php?id=1831073"]
[Date "2024.2.8"]
[Round "2"]
[White "yasseryack"]
[Black "kuntakinte"]
[Result "1-0"]
[WhiteElo "1877"]
[BlackElo "1758"]

1. f4 e5 2. f5 d5 3. d3 c6 4. e4 d4 5. Nf3 Nf6 6. Nxe5 Qe7 7. Nf3 c5 8. Bf4 Bxf5
9. Ne5 Bd7 10. Be2 Nc6 11. Nc4 Qd8 12. O-O Be6 13. Nba3 a6 14. Bg5 Be7 15. e5
Nd5 16. Bxe7 Qxe7 17. Nd6+ Kf8 18. Qd2 Nxe5 19. Nac4 Nb4 20. a3 Nbc6 21. b4 Bxc4
22. Nxc4 cxb4 23. axb4 Nxb4 24. Nxe5 Qxe5 25. Qxb4+ Kg8 26. Qxb7 Re8 27. Qxf7#
1-0

[Event "AUTO-ADV-4748"]
[Site "http://www.queenalice.com/game.php?id=1831076"]
[Date "2024.2.8"]
[Round "2"]
[White "rockaudrey"]
[Black "yasseryack"]
[Result "1-0"]
[WhiteElo "2180"]
[BlackElo "1902"]

1. e4 c5 2. Nf3 b6 3. d4 e6 4. Bd3 Qc7 5. O-O c4 6. Be2 Bb7 7. Nc3 Bb4 8. Nb5
Qc6 9. a4 a6 10. Ne5 Qxe4 11. Bf3 Qxf3 12. Nc7+ Kd8 13. Nxe6+ fxe6 14. Nxf3 Nc6
15. Bf4 Nf6 16. c3 Be7 17. Ne5 Nxe5 18. dxe5 Nd5 19. Bg3 h5 20. f4 Ne3 21. Qd4
Bc5 22. Qd2 Nxg2+ 23. Bf2 Bxf2+ 24. Qxf2 Kc7 25. a5 bxa5 26. Qc5+ Bc6 27. Rxa5
Rhf8 28. Qd6+ Kb7 29. Qb4+ Kc7 30. Qd6+ Kb7 31. Qb4+ Ka7 32. Rxa6+ Kxa6 33. Ra1+
1-0

[Event "AUTO-ADV-4748"]
[Site "http://www.queenalice.com/game.php?id=1831077"]
[Date "2024.2.8"]
[Round "2"]
[White "yasseryack"]
[Black "rockaudrey"]
[Result "0-1"]
[WhiteElo "1922"]
[BlackElo "2160"]

1. f4 d5 2. Nf3 e6 3. g3 Nf6 4. Bg2 Bc5 5. e3 O-O 6. O-O b6 7. b3 Ba6 8. Re1
Nbd7 9. Nc3 c6 10. Bb2 Qc7 11. Na4 Be7 12. Nd4 c5 13. Nf3 Rad8 14. d3 c4 15. d4
Ne4 16. c3 b5 17. Nc5 Ndxc5 18. dxc5 Bxc5 19. b4 Bd6 20. a4 Be7 21. axb5 Bxb5
22. Nd4 Bd7 23. Bxe4 dxe4 24. Ra5 e5 25. Rxe5 Rfe8 26. Rxe4 Bf5 27. Re5 Bd3 28.
Qf3 Bf6 29. Rc5 Qe7 30. Nf5 Bxf5 31. Rxf5 Qe6 32. e4 Qb6+ 33. Kf1 Rd3 34. Qg2
Red8 35. Rb1 Rd1+ 36. Rxd1 Rxd1+ 37. Ke2 Rd3 38. e5 Qe3+ 39. Kf1 Rd1# 0-1

[Event "Challenge"]
[Site "http://www.queenalice.com/game.php?id=1833565"]
[Date "2024.3.15"]
[Round "-"]
[White "jogo"]
[Black "yasseryack"]
[Result "1-0"]
[WhiteElo "1893"]
[BlackElo "1926"]

1. e4 c5 2. Nf3 b6 3. d4 e6 4. c3 Bb7 5. e5 Qc8 6. Bb5 c4 7. Bg5 a6 8. Ba4 Bd5
9. Bc2 Qc6 10. Nbd2 a5 11. Ba4 b5 12. Bc2 d6 13. Qe2 h6 14. Be3 Be7 15. a3 Nd7
16. O-O-O f6 17. exd6 Qxd6 18. Ne4 Qc6 19. Kb1 Bxe4 20. Bxe4 Qa6 21. Bxa8 Qxa8
22. Bf4 Qd5 23. Rhe1 Qf5+ 24. Qe4 Qxe4+ 25. Rxe4 g5 26. Bc7 Kf7 27. Bxa5 f5 28.
Re2 Ngf6 29. Ne5+ Nxe5 30. Rxe5 Nd5 31. f3 Bd6 32. Re2 Bxh2 33. Rde1 Nf4 34. Re5
Re8 35. Rh1 Bg3 36. Rxh6 Kg7 37. Rh1 Nd3 38. Rxb5 Bh4 39. Kc2 Kg6 40. Bc7 f4 41.
a4 Rc8 42. Bd6 Ne1+ 43. Kd1 Nxg2 44. Rg1 Ne3+ 45. Kd2 Bg3 46. Rxg3 Nf1+ 47. Ke1
Nxg3 48. Be7 Nf5 49. Ba3 Ne3 50. Kd2 Rd8 51. Be7 Rd7 52. Bxg5 Nd5 53. Bh4 e5 54.
Rb8 Kf7 55. a5 Rd6 56. Rd8 Rxd8 57. Bxd8 exd4 58. cxd4 Nb4 59. Kc3 Na6 60. Kxc4
Ke6 61. b4 Nb8 62. Bc7 Nc6 63. d5+ Kd7 64. Bxf4 Ne7 65. a6 Nc8 66. Kc5 Kd8 67.
b5 Na7 68. b6 Nc8 69. b7 1-0

[Event "Challenge"]
[Site "http://www.queenalice.com/game.php?id=1833566"]
[Date "2024.3.15"]
[Round "-"]
[White "yasseryack"]
[Black "jogo"]
[Result "1-0"]
[WhiteElo "1897"]
[BlackElo "2125"]

1. f4 e5 2. f5 Qh4+ 3. g3 Qe4 4. Nf3 Qxf5 5. Nc3 Nf6 6. Bg2 Bc5 7. e3 g5 8. O-O
d5 9. Nd4 exd4 10. Rxf5 Bxf5 11. Nxd5 Nxd5 12. Bxd5 c6 13. Bg2 O-O 14. Qf3 Bxc2
15. a3 dxe3 16. dxe3 Nd7 17. Qg4 Rad8 18. Qxg5+ Bg6 19. Be4 f6 20. Qh4 Bxe4 21.
Qxe4 Rfe8 22. Qf4 Kg7 23. Bd2 Ne5 24. Bc3 Bd6 25. Rf1 Rf8 26. Kg2 Rde8 27. Rd1
Bc7 28. Bxe5 Bxe5 29. Rd7+ Rf7 30. Qg4+ Kf8 31. Rxf7+ Kxf7 32. b4 Rd8 33. Kf3 b5
34. Qe4 a6 35. Qxc6 Rd6 36. Qb7+ Kg6 37. h4 Bb2 38. Qc7 Be5 39. Qc2+ f5 40. g4
Rf6 41. gxf5+ Kh5 42. Qe4 Bb2 43. Qg4+ 1-0

[Event "Challenge"]
[Site "http://www.queenalice.com/game.php?id=1836203"]
[Date "2024.5.2"]
[Round "-"]
[White "jogo"]
[Black "yasseryack"]
[Result "0-1"]
[WhiteElo "1748"]
[BlackElo "1923"]

1. e4 c5 2. Nf3 b6 3. c3 Bb7 4. Qc2 Nf6 5. e5 Nd5 6. d4 Qc7 7. Bc4 h6 8. Na3 g6
9. Nb5 Qc8 10. Qe4 Nxc3 11. Qd3 Nxb5 12. Bxb5 a6 13. Ba4 b5 14. O-O bxa4 15. d5
c4 16. Qd4 Bg7 17. Qd1 O-O 18. Rb1 Qc5 19. Be3 Qb5 20. Nd4 Qxd5 21. Nf3 Qxd1 22.
Rbxd1 Bxf3 23. gxf3 Rd8 24. Bb6 Rc8 25. Rfe1 Rc6 26. Bd8 d6 0-1

[Event "Challenge"]
[Site "http://www.queenalice.com/game.php?id=1836227"]
[Date "2024.5.3"]
[Round "-"]
[White "jogo"]
[Black "yasseryack"]
[Result "1-0"]
[WhiteElo "1872"]
[BlackElo "1932"]

1. e4 c5 2. Nf3 a6 3. c3 Nc6 4. d4 e6 5. Bg5 Be7 6. Bxe7 Ngxe7 7. a4 cxd4 8.
cxd4 O-O 9. Nc3 Ng6 10. Qd2 b6 11. O-O-O Qc7 12. Bc4 Bb7 13. d5 Na5 14. Ba2 exd5
15. exd5 d6 16. Kb1 Rae8 17. h4 Qd7 18. h5 Ne7 19. b4 Qf5+ 20. Ka1 Bxd5 21. Nxd5
Nac6 22. Nxb6 Rd8 23. Nc4 d5 24. Ne3 Qf6+ 25. Kb1 d4 26. Ng4 Qf5+ 27. Qd3 Qxg4
28. g3 Nxb4 29. Qe2 Qf5+ 30. Kb2 Nec6 31. Bb1 Qd5 32. Qe4 Qxe4 33. Bxe4 f5 34.
Bxc6 Nxc6 35. Rd3 Rb8+ 36. Ka3 Nb4 37. Rb3 Nc2+ 38. Kb2 Nb4 39. Nxd4 Nd3+ 40.
Kc2 Rxb3 41. Kxb3 Rb8+ 42. Kc3 Nxf2 43. Rf1 Ne4+ 44. Kd3 Nxg3 45. Rf3 Nxh5 46.
Rxf5 g6 47. Ra5 Rb6 48. Kc4 Kg7 49. Kc5 Rf6 50. Nc6 Nf4 51. Rxa6 Kh6 52. Rb6
Ne6+ 53. Kd6 Nd4+ 54. Kc7 Ne6+ 55. Kb8 Nc5 56. Kc7 Nxa4 57. Rb4 Nc5 58. Kb6 Rf5
59. Ne7 Re5 60. Nc6 Rg5 61. Rh4+ Kg7 62. Rc4 Nd7+ 63. Kc7 Nf6 64. Nd4 Re5 65.
Kd6 Re4 66. Ne6+ Kh6 67. Rxe4 Nxe4+ 68. Ke5 Ng3 69. Kf4 Nh5+ 70. Kg4 Nf6+ 71.
Kf4 Nd7 72. Ng5 Nf6 73. Nf7+ 1-0

[Event "Challenge"]
[Site "http://www.queenalice.com/game.php?id=1838445"]
[Date "2024.6.11"]
[Round "-"]
[White "jogo"]
[Black "yasseryack"]
[Result "1-0"]
[WhiteElo "1907"]
[BlackElo "1897"]

1. e4 c5 2. Nf3 e6 3. d4 Be7 4. c3 Qc7 5. Be3 c4 6. g3 Nf6 7. b4 cxb3 8. axb3
Nxe4 9. c4 Na6 10. Bd3 Bb4+ 11. Kf1 Nf6 12. Bf4 d6 13. Bd2 Bxd2 14. Nbxd2 O-O
15. Kg2 Nb4 16. Be2 a5 17. Rc1 b6 18. Nb1 Bb7 19. Qd2 Ne4 20. Qf4 h6 21. h4 a4
22. bxa4 Rxa4 23. Nc3 Nxc3 24. Rxc3 Ra2 25. Re1 Nc2 26. Rc1 Nb4 27. Kf1 Ra5 28.
g4 Na2 29. R3c2 Nxc1 30. Rxc1 f5 31. g5 hxg5 32. hxg5 Kf7 33. d5 Qd7 34. dxe6+
Qxe6 35. Nd4 Qe5 36. Qxf5+ Qxf5 37. Nxf5 Rxf5 38. Rd1 Ke7 39. f3 Rxg5 40. Rd3 d5
41. cxd5 Bxd5 42. Re3+ Kd6 43. Rc3 Rh8 44. f4 Rh1+ 45. Kf2 Rf5 46. Rg3 g5 47.
Rxg5 Rxf4+ 48. Kg3 1-0

[Event "Challenge"]
[Site "http://www.queenalice.com/game.php?id=1839728"]
[Date "2024.7.5"]
[Round "-"]
[White "jogo"]
[Black "yasseryack"]
[Result "1-0"]
[WhiteElo "1890"]
[BlackElo "1914"]

1. e4 c5 2. Nf3 g6 3. c3 Bg7 4. d4 Qc7 5. g3 d6 6. Bb5+ Bd7 7. Bxd7+ Nxd7 8. Be3
Ngf6 9. Qc2 O-O 10. Na3 a6 11. O-O-O b5 12. e5 1-0

[Event "Challenge"]
[Site "http://www.queenalice.com/game.php?id=1840776"]
[Date "2024.7.24"]
[Round "-"]
[White "jogo"]
[Black "yasseryack"]
[Result "0-1"]
[WhiteElo "1796"]
[BlackElo "1915"]

1. e4 c5 2. Nf3 b6 3. d4 e6 4. c3 Be7 5. d5 d6 6. Bb5+ Bd7 7. Bxd7+ Qxd7 8. Na3
Nf6 9. Qd3 e5 10. O-O O-O 11. h3 Qc8 12. g4 Na6 13. g5 Nh5 14. Kh2 Nc7 15. h4 a6
16. Bd2 b5 17. b4 c4 18. Qe2 a5 19. Rg1 g6 20. Nc2 axb4 21. Nxb4 f6 22. Nc6 Rf7
23. Qf1 f5 24. exf5 Qxf5 25. Ne1 Nxd5 26. Ng2 e4 27. Ne3 Qf4+ 28. Kh3 Nxe3 29.
Nxe7+ Rxe7 30. Bxe3 Qf5+ 31. Kh2 Qe5+ 32. Kh1 Qxc3 33. Rc1 Qe5 34. Rd1 Ng7 35.
Bd4 Qf4 36. Qh3 Nf5 37. Rg4 Qf3+ 38. Qxf3 exf3 39. Bf6 Re2 40. Bd4 Raxa2 41. Be3
Nxe3 42. fxe3 Rh2+ 43. Kg1 Rhe2 44. Rf1 Rxe3 0-1

[Event "Challenge"]
[Site "http://www.queenalice.com/game.php?id=1842001"]
[Date "2024.8.16"]
[Round "-"]
[White "jogo"]
[Black "yasseryack"]
[Result "0-1"]
[WhiteElo "1670"]
[BlackElo "1893"]

1. e4 c5 2. Nf3 f6 3. d4 e6 4. c3 Qc7 5. g3 g5 6. h4 g4 7. Ng1 h5 8. d5 Qe5 9.
Bf4 Qxe4+ 10. Qe2 Qxh1 0-1

[Event "Challenge"]
[Site "http://www.queenalice.com/game.php?id=1842002"]
[Date "2024.8.16"]
[Round "-"]
[White "yasseryack"]
[Black "jogo"]
[Result "0-1"]
[WhiteElo "1934"]
[BlackElo "1852"]

1. b3 d5 2. Bb2 c5 3. Nf3 f6 4. g3 Nc6 5. Bg2 Bd7 6. O-O e5 7. Nc3 d4 8. Ne4 Bf5
9. Nh4 Be6 10. c3 dxc3 11. Bxc3 f5 12. Nxc5 Bxc5 13. a3 Bd5 14. Bxd5 Qxd5 15.
Nxf5 Nge7 16. Nxg7+ Kf7 17. Nh5 Rad8 18. e3 Rhg8 19. f4 Rg6 20. fxe5+ Kg8 21.
Nf4 Qe4 22. Nxg6 Bxe3+ 23. Rf2 Nxg6 24. Qe2 Bxf2+ 25. Qxf2 Ncxe5 26. Bxe5 Nxe5
27. Rf1 Qd4 28. Kg2 Qxd2 29. Kg1 Ng4 30. Qf7+ Kh8 31. Qh5 Qd4+ 32. Kh1 Qe4+ 33.
Kg1 Ne3 34. Qe2 Rd4 35. Rf8+ Kg7 36. Rf4 Rd1+ 37. Kf2 Qh1 38. Kxe3 Re1 39. Qxe1
Qxe1+ 40. Kf3 Qh1+ 41. Kg4 Qxh2 42. Rc4 Qe2+ 43. Kf4 Kf6 44. g4 Qb2 45. g5+ Kg6
46. Rb4 Qd2+ 47. Kf3 Kxg5 48. Rb5+ Kg6 49. Rxb7 Qd5+ 0-1

[Event "AUTO-ADV-4817"]
[Site "http://www.queenalice.com/game.php?id=1844761"]
[Date "2024.10.6"]
[Round "1"]
[White "yasseryack"]
[Black "askasl159"]
[Result "1-0"]
[WhiteElo "1918"]
[BlackElo "1919"]

1. f4 g6 2. g3 Bg7 3. Bg2 d5 4. Nf3 Nc6 5. O-O Nf6 6. d3 O-O 7. Bd2 Bg4 8. Na3
a6 9. c3 Bxf3 10. Bxf3 e5 11. e4 dxe4 12. dxe4 Qd7 13. Kg2 Rad8 14. Rf2 exf4 15.
Bxf4 Qe7 16. Qe2 Ne5 17. Bxe5 Qxe5 18. Nc4 Qe6 19. g4 b5 20. Na5 Rd7 21. Nb7 Qc4
22. Qe3 Re8 23. Nc5 Rde7 24. b3 Nxg4 25. Bxg4 Rxe4 26. Nxe4 Qxe4+ 27. Qxe4 Rxe4
28. Bf3 Re3 29. Bd5 Bxc3 30. Bxf7+ Kg7 31. Rd1 Be5 32. Rd7 Bd6 33. Be6+ Kh6 34.
Bg8 Re7 35. Rxe7 Bxe7 36. Rf7 Bd6 37. Rxh7+ Kg5 38. Bd5 a5 39. Kf3 b4 40. h4+
Kf6 41. Be4 Be5 42. Rh6 Kf7 43. Rxg6 1-0

[Event "AUTO-ADV-4817"]
[Site "http://www.queenalice.com/game.php?id=1844762"]
[Date "2024.10.6"]
[Round "1"]
[White "askasl159"]
[Black "yasseryack"]
[Result "0-1"]
[WhiteElo "1941"]
[BlackElo "1900"]

1. e4 c5 2. b4 e6 3. Nf3 Nf6 4. e5 Nd5 5. a3 Be7 6. Bc4 cxb4 7. axb4 Nxb4 8. O-O
Qc7 9. Bb3 b5 10. Ba3 N8a6 11. Bxb4 Nxb4 12. d4 a5 13. c3 Nc6 14. c4 bxc4 15.
Bxc4 O-O 16. Na3 Bxa3 17. Rxa3 Nb4 18. Nd2 d6 19. Re1 d5 20. Ba2 Bd7 21. Rc3
Qxc3 0-1

[Event "Challenge"]
[Site "http://www.queenalice.com/game.php?id=1845724"]
[Date "2024.10.18"]
[Round "-"]
[White "jogo"]
[Black "yasseryack"]
[Result "1-0"]
[WhiteElo "1806"]
[BlackElo "1926"]

1. e4 c5 2. Nf3 b6 3. c3 Bb7 4. d3 e6 5. Bf4 Nc6 6. Nbd2 Be7 7. h4 Nf6 8. Be2
Nh5 9. g3 Nxf4 10. gxf4 Qc7 11. e5 O-O-O 12. Qc2 f6 13. exf6 Bxf6 14. Ng5 Rdf8
15. Nde4 Qxf4 16. Qc1 Qxc1+ 17. Rxc1 Kc7 18. Nxf6 Rxf6 19. Ne4 Rf4 20. h5 Ne5
21. Rg1 g6 22. hxg6 hxg6 23. Nd2 Rh2 24. f3 Rfh4 25. Nf1 Rh1 26. Rxh1 Rxh1 27.
Kf2 g5 28. Kg2 Rh4 29. Nd2 g4 30. Rh1 Rxh1 31. Kxh1 b5 32. Kg2 a5 33. Kg3 gxf3
34. Nxf3 Bxf3 35. Bxf3 Nxd3 36. b3 d5 37. Be2 Nc1 38. Bxb5 Nxa2 39. c4 d4 40.
Kf3 d3 41. Ke3 Nb4 42. Be8 e5 43. Bg6 Kd6 44. Bxd3 Nxd3 45. Kxd3 Ke6 46. Ke4 Kd6
47. Kf5 e4 48. Kxe4 Kc6 49. Ke5 Kb6 50. Kd5 a4 51. bxa4 Ka5 52. Kxc5 Kxa4 53.
Kb6 Kb4 54. c5 Kc4 55. c6 Kd5 56. c7 Kd6 57. c8=Q 1-0

[Event "AUTO-OPEN-4556"]
[Site "http://www.queenalice.com/game.php?id=1845937"]
[Date "2024.10.22"]
[Round "1"]
[White "yasseryack"]
[Black "pizzaiolo72"]
[Result "0-1"]
[WhiteElo "1905"]
[BlackElo "2112"]

1. f4 f5 2. d3 Nf6 3. Nf3 d5 4. g3 e6 5. Bg2 Bc5 6. e3 O-O 7. O-O Nc6 8. Qe1 a6
9. Qe2 Qe7 10. d4 Ba7 11. Nc3 b5 12. a3 Na5 13. a4 Nc4 14. b3 Nd6 15. Ba3 Qe8
16. Bxd6 cxd6 17. axb5 axb5 18. Nxb5 Qd7 19. Nxa7 Rxa7 20. Rxa7 Qxa7 21. Rc1 Ba6
22. c4 dxc4 23. bxc4 h6 24. Nd2 Rc8 25. Nb3 Qe7 26. Na5 d5 27. Qa2 Ng4 28. Qb3
Qc7 29. Qa4 Nxe3 30. Bf1 Nxf1 31. Kxf1 dxc4 32. Rc3 Qb6 33. Nb3 cxb3+ 0-1